Figure drawing for fashion design / (Record no. 39313)
[ view plain ]
| 000 -LEADER | |
|---|---|
| fixed length control field | 00594nam a2200205 a 4500 |
| 005 - DATE AND TIME OF LATEST TRANSACTION | |
| control field | 20140311163006.0 |
| 008 - FIXED-LENGTH DATA ELEMENTS--GENERAL INFORMATION | |
| fixed length control field | 040720s19uu xx 00 eng d |
| 020 ## - INTERNATIONAL STANDARD BOOK NUMBER | |
| International Standard Book Number | 9054960809 |
| 050 ## - LIBRARY OF CONGRESS CALL NUMBER | |
| Classification number | TT 509 |
| Item number | .D841f 2001 |
| 100 ## - MAIN ENTRY--PERSONAL NAME | |
| Personal name | Drudi, Elisabetta |
| 245 ## - TITLE STATEMENT | |
| Title | Figure drawing for fashion design / |
| Statement of responsibility, etc | Elisabetta Drudi, Tiziana Paci. |
| 260 ## - PUBLICATION, DISTRIBUTION, ETC. (IMPRINT) | |
| Place of publication, distribution, etc | Singapore : |
| Name of publisher, distributor, etc | The Pepin Press, |
| Date of publication, distribution, etc | 2001. |
| 300 ## - PHYSICAL DESCRIPTION | |
| Extent | 216 p. : |
| Other physical details | ill. col. ; |
| Dimensions | 25 cm. |
| 521 ## - TARGET AUDIENCE NOTE | |
| Target audience note | |
| 650 ## - SUBJECT ADDED ENTRY--TOPICAL TERM | |
| Topical term or geographic name as entry element | Fashion drawing. |
| 650 ## - SUBJECT ADDED ENTRY--TOPICAL TERM | |
| Topical term or geographic name as entry element | Fashion design. |
| 700 ## - ADDED ENTRY--PERSONAL NAME | |
| Personal name | Paci, Tiziana, jt. Aut. |
| 942 ## - ADDED ENTRY ELEMENTS (KOHA) | |
| Koha item type | Books |
| Source of classification or shelving scheme | Library of Congress Classification |
| Call number prefix | Foreign |
| Withdrawn status | Lost status | Source of classification or shelving scheme | Damaged status | Home library | Current library | Shelving location | Date acquired | Cost, normal purchase price | Total Checkouts | Full call number | Barcode | Date last seen | Date checked out | Copy number | Price effective from | Koha item type |
|---|---|---|---|---|---|---|---|---|---|---|---|---|---|---|---|---|
| Library of Congress Classification | College Library | College Library | General Circulation Section | 10/08/2010 | 1700.00 | 1 | TT 509 .D841f 2001 | C5092 | 05/15/2018 | 07/22/2016 | 1 | 10/10/2013 | Books |